Gradualismo, ineficacia e inestabilidad cíclica (Registro nro. 24747)

Detalles MARC
000 -LEADER
fixed length control field 00334 a2200109 4500
001 - CONTROL NUMBER
control field ART_10435
005 - DATE AND TIME OF LATEST TRANSACTION
control field 20260410161848.0
008 - FIXED-LENGTH DATA ELEMENTS--GENERAL INFORMATION
fixed length control field 260409a
100 1# - MAIN ENTRY--PERSONAL NAME
Personal name Olivera, Julio H.G.
245 10 - TITLE STATEMENT
Title Gradualismo, ineficacia e inestabilidad cíclica
773 0# - HOST ITEM ENTRY
Title Económica
Related parts - Año XVIII, Nº 1 (ene./abr. 1972)
Record control number REV7541

No hay ítems disponibles.